[Event "Sitges Sunway op 8th"]
[Site "Sitges"]
[Date "2021.12.17"]
[Round "5"]
[White "Carbonell Sancho, Marc"]
[Black "Nur Abidah, Shanti"]
[Result "1/2-1/2"]
[WhiteElo "2207"]
[BlackElo "1986"]
[PlyCount "61"]
[EventDate "2021.12.13"]
[EventType "swiss"]
[EventRounds "10"]
[EventCountry "ESP"]
[SourceTitle "CBM 205 Extra"]
[Source "ChessBase"]
[SourceDate "2022.01.31"]
[SourceVersion "1"]
[SourceVersionDate "2022.01.31"]
[SourceQuality "1"]

1. e4 d5 2. exd5 Qxd5 3. Nc3 Qa5 4. d4 Nf6 5. Nf3 Bf5 6. Bc4 e6 7. Bd2 Bb4 8. 0-0 0-0 9. a3 Bxc3 10. Bxc3 Qb6 11. b3 a5 12. Bb2 Nbd7 13. Qe2 c6 14. Ne5 Qc7 15. b4 axb4 16. axb4 Nd5 17. c3 Nxe5 18. dxe5 Rad8 19. f4 Qb6+ 20. Qf2 Qxf2+ 21. Rxf2 Ra8 22. Bxd5 cxd5 23. Rff1 h5 24. g3 Rfc8 25. Rxa8 Rxa8 26. Ra1 Rxa1+ 27. Bxa1 b5 28. Bb2 Bd3 29. Bc1 Kh7 30. Kf2 Kg6 31. Be3 1/2-1/2

[Event "Online Olym Div Top-A"]
[Site "Chess.com INT"]
[Date "2021.09.08"]
[Round "3.5"]
[White "Zhu, Jiner"]
[Black "Nur Abidah, Shanti"]
[Result "1-0"]
[WhiteElo "2455"]
[BlackElo "1986"]
[PlyCount "93"]
[EventDate "2021.09.08"]
[EventType "team (rapid)"]
[EventRounds "9"]
[EventCountry "USA"]
[SourceTitle "CBM 204 Extra"]
[Source "ChessBase"]
[SourceDate "2021.11.30"]
[SourceVersion "1"]
[SourceVersionDate "2021.11.30"]
[SourceQuality "1"]
[WhiteTeam "China"]
[BlackTeam "Indonesia"]
[WhiteTeamCountry "CHN"]
[BlackTeamCountry "INA"]

1. e4 d5 2. exd5 Qxd5 3. Nc3 Qa5 4. d4 Nf6 5. Bc4 c6 6. Nf3 Bf5 7. Bd2 e6 8. Nd5 Qd8 9. Nxf6+ gxf6 10. Qe2 Bxc2 11. 0-0 Bg6 12. Rfe1 Qd6 13. a3 a5 14. Rad1 Nd7 15. Bc3 Be7 16. d5 cxd5 17. Bxd5 exd5 18. Rxd5 Qe6 19. Qd1 Be4 20. Rd4 Bxf3 21. Qxf3 Ne5 22. Qg3 Bd6 23. Kh1 0-0-0 24. Bxa5 Nc6 25. Rxe6 Bxg3 26. Rxc6+ bxc6 27. Rxd8+ Rxd8 28. Bxd8 Bxf2 29. Bxf6 Kd7 30. g4 Ke6 31. Bc3 Kd5 32. Kg2 Be3 33. Kf3 Bc1 34. Bf6 c5 35. h3 c4 36. Bc3 Bg5 37. a4 Bc1 38. a5 Kc5 39. Ke4 Bh6 40. Kf5 Kb5 41. Kf6 Be3 42. Kxf7 Ka4 43. Ke6 Kb3 44. Kd5 Ba7 45. a6 Bb6 46. Kc6 Be3 47. Kb7 1-0

[Event "Asian Online (Women)"]
[Site "Tornelo INT"]
[Date "2021.08.23"]
[Round "3"]
[White "Frayna, Janelle Mae"]
[Black "Nur Abidah, Shanti"]
[Result "1/2-1/2"]
[WhiteElo "2179"]
[BlackElo "1986"]
[PlyCount "67"]
[EventDate "2021.08.23"]
[EventType "swiss (rapid)"]
[EventRounds "9"]
[EventCountry "NET"]
[SourceTitle "CBM 204 Extra"]
[Source "ChessBase"]
[SourceDate "2021.11.30"]
[SourceVersion "1"]
[SourceVersionDate "2021.11.30"]
[SourceQuality "1"]

1. Nf3 d5 2. c4 e6 3. g3 Nf6 4. Bg2 Be7 5. 0-0 0-0 6. b3 c5 7. Bb2 b6 8. e3 Bb7 9. Nc3 Nc6 10. cxd5 exd5 11. d4 Ba6 12. Re1 Nb4 13. Ne5 cxd4 14. exd4 Rc8 15. a3 Nc6 16. Rc1 Na5 17. h3 h6 18. Na2 Re8 19. Nb4 Bb7 20. Qd3 Bxb4 21. Rxc8 Qxc8 22. axb4 Nc6 23. Rc1 Qe6 24. b5 Nxe5 25. dxe5 Ne4 26. Rc7 Re7 27. Rxe7 Qxe7 28. Qd4 Qc5 29. h4 Qxd4 30. Bxd4 Bc8 31. b4 Bd7 32. Bxe4 dxe4 33. Kf1 Bxb5+ 34. Ke1 1/2-1/2

[Event "FIDE World Uni Rapid-C 1st"]
[Site "Tornelo INT"]
[Date "2021.03.21"]
[Round "8"]
[White "Nur Abidah, Shanti"]
[Black "Librelato, Kathie Goulart"]
[Result "0-1"]
[WhiteElo "1986"]
[BlackElo "2165"]
[PlyCount "40"]
[EventDate "2021.03.20"]
[EventType "swiss (rapid)"]
[EventRounds "12"]
[EventCountry "NET"]
[SourceTitle "CBM 201 Extra"]
[Source "ChessBase"]
[SourceDate "2021.05.31"]
[SourceVersion "1"]
[SourceVersionDate "2021.05.31"]
[SourceQuality "1"]

1. e4 e5 2. Nf3 Nc6 3. Bc4 Nf6 4. d3 Bc5 5. c3 d6 6. Nbd2 a6 7. Bb3 h6 8. h3 Ba7 9. Nf1 0-0 10. Be3 d5 11. exd5 Nxd5 12. Bxa7 Rxa7 13. Ne3 Nf4 14. Bc2 Be6 15. 0-0 Qd7 16. d4 exd4 17. Nxd4 Nxd4 18. Qxd4 Ne2+ 19. Kh1 Nxd4 20. cxd4 Qxd4 0-1

[Event "FIDE World Uni Rapid-C 1st"]
[Site "Tornelo INT"]
[Date "2021.03.21"]
[Round "10"]
[White "Nur Abidah, Shanti"]
[Black "Yadav, Ankit"]
[Result "1-0"]
[WhiteElo "1986"]
[BlackElo "1114"]
[PlyCount "53"]
[EventDate "2021.03.20"]
[EventType "swiss (rapid)"]
[EventRounds "12"]
[EventCountry "NET"]
[SourceTitle "CBM 201 Extra"]
[Source "ChessBase"]
[SourceDate "2021.05.31"]
[SourceVersion "1"]
[SourceVersionDate "2021.05.31"]
[SourceQuality "1"]

1. e4 e5 2. Nf3 Nc6 3. Bc4 Bc5 4. d3 h6 5. c3 Nf6 6. Nbd2 0-0 7. h3 d6 8. Nf1 Bb6 9. Ng3 Ne7 10. 0-0 c6 11. d4 Ng6 12. Be3 Re8 13. Bd3 d5 14. dxe5 Nxe5 15. Bxb6 Qxb6 16. exd5 Nxd3 17. Qxd3 Nxd5 18. Rfe1 Bd7 19. Ne5 Be6 20. Nf5 Rad8 21. Nd4 Qxb2 22. Nxe6 fxe6 23. c4 Nb4 24. Qg6 Nc2 25. Rab1 Qxa2 26. Rxb7 Qa3 27. Qxg7# 1-0

[Event "FIDE World Uni (Women) 1st"]
[Site "Tornelo INT"]
[Date "2021.03.14"]
[Round "1"]
[White "Badelka, Olga"]
[Black "Nur Abidah, Shanti"]
[Result "1-0"]
[WhiteElo "2428"]
[BlackElo "1986"]
[PlyCount "73"]
[EventDate "2021.03.14"]
[EventType "tourn (blitz)"]
[EventRounds "7"]
[EventCountry "NET"]
[EventCategory "4"]
[SourceTitle "CBM 201 Extra"]
[Source "ChessBase"]
[SourceDate "2021.05.31"]
[SourceVersion "1"]
[SourceVersionDate "2021.05.31"]
[SourceQuality "1"]

1. Nf3 d5 2. g3 c5 3. Bg2 Nc6 4. d4 e6 5. 0-0 Nf6 6. c4 dxc4 7. Qa4 cxd4 8. Ne5 Bd7 9. Nxc6 bxc6 10. Qxc4 Qb6 11. Nd2 Bd6 12. Nb3 e5 13. Bg5 0-0 14. e3 c5 15. Bxf6 Bb5 16. Qc2 Bxf1 17. Bxg7 Bxg2 18. Bxf8 Rxf8 19. Kxg2 Qc6+ 20. Kg1 c4 21. Nd2 c3 22. Nb3 dxe3 23. fxe3 Rc8 24. Rf1 cxb2 25. Qxb2 Qe4 26. Qf2 Rc7 27. Nd2 Qd3 28. Nb3 a5 29. Qf3 a4 30. Nc1 Qd2 31. Ne2 Bc5 32. Kh1 Qxe3 33. Qg4+ Kf8 34. Ng1 Bd4 35. Nf3 e4 36. Ng5 Ke7 37. Nxf7 1-0

[Event "FIDE World Uni (Women) 1st"]
[Site "Tornelo INT"]
[Date "2021.03.14"]
[Round "3"]
[White "Nur Abidah, Shanti"]
[Black "Sargsyan, Anna M"]
[Result "0-1"]
[WhiteElo "1986"]
[BlackElo "2380"]
[PlyCount "54"]
[EventDate "2021.03.14"]
[EventType "tourn (blitz)"]
[EventRounds "7"]
[EventCountry "NET"]
[EventCategory "4"]
[SourceTitle "CBM 201 Extra"]
[Source "ChessBase"]
[SourceDate "2021.05.31"]
[SourceVersion "1"]
[SourceVersionDate "2021.05.31"]
[SourceQuality "1"]

1. e4 c6 2. d4 d5 3. Nc3 dxe4 4. Nxe4 Bf5 5. Ng3 Bg6 6. Nf3 e6 7. h4 h6 8. Ne5 Bh7 9. Bf4 Nf6 10. c4 Bb4+ 11. Bd2 Qxd4 12. Bxb4 Qxe5+ 13. Be2 c5 14. Bc3 Qc7 15. Bf3 Nbd7 16. Qb3 Rb8 17. Qa4 0-0 18. Qxa7 Ne5 19. Qa4 Nd3+ 20. Kf1 Ne5 21. Rd1 Rfd8 22. Ke2 Bd3+ 23. Ke3 Nxc4+ 24. Qxc4 Bxc4 25. Rxd8+ Rxd8 26. Ne4 Rd3+ 27. Ke2 Rxc3+ 0-1

[Event "FIDE World Uni (Women) 1st"]
[Site "Tornelo INT"]
[Date "2021.03.14"]
[Round "2"]
[White "Tsolakidou, Stavroula"]
[Black "Nur Abidah, Shanti"]
[Result "0-1"]
[WhiteElo "2379"]
[BlackElo "1986"]
[PlyCount "74"]
[EventDate "2021.03.14"]
[EventType "tourn (blitz)"]
[EventRounds "7"]
[EventCountry "NET"]
[EventCategory "4"]
[SourceTitle "CBM 201 Extra"]
[Source "ChessBase"]
[SourceDate "2021.05.31"]
[SourceVersion "1"]
[SourceVersionDate "2021.05.31"]
[SourceQuality "1"]

1. d4 d5 2. c4 e6 3. Nf3 Nf6 4. g3 c6 5. Bg2 Nbd7 6. 0-0 Be7 7. Qc2 0-0 8. Nbd2 Qc7 9. e4 dxe4 10. Nxe4 e5 11. dxe5 Nxe5 12. Bf4 Nxf3+ 13. Bxf3 Qa5 14. Rfe1 Bf5 15. Bd2 Bxe4 16. Bxa5 Bxc2 17. Rxe7 Rab8 18. Bc3 Rfe8 19. Rae1 Rxe7 20. Rxe7 Bd3 21. Be5 Rd8 22. b3 b5 23. Rxa7 bxc4 24. bxc4 Bxc4 25. Bc7 Rc8 26. Be5 Nd5 27. a4 f6 28. Bd4 Re8 29. Kg2 Re1 30. h4 Bf1+ 31. Kh2 Be2 32. Bxe2 Rxe2 33. a5 Rc2 34. Kg2 c5 35. Rc7 c4 36. a6 Nxc7 37. a7 Na8 0-1

[Event "Asia-ch U20 Girls"]
[Site "Surakarta"]
[Date "2019.07.02"]
[Round "1"]
[White "Nyimas, Sonya Nafa"]
[Black "Nur Abidah, Shanti"]
[Result "1/2-1/2"]
[WhiteElo "1838"]
[BlackElo "2108"]
[PlyCount "72"]
[EventDate "2019.07.02"]
[EventType "swiss"]
[EventRounds "9"]
[EventCountry "INA"]
[SourceTitle "CBM 191 Extra"]
[Source "ChessBase"]
[SourceDate "2019.09.30"]
[SourceVersion "1"]
[SourceVersionDate "2019.09.30"]
[SourceQuality "1"]

1. Nf3 d5 2. g3 Nf6 3. Bg2 c5 4. b3 Nc6 5. Bb2 e6 6. 0-0 Be7 7. c4 0-0 8. d3 b6 9. Na3 Bb7 10. Nc2 dxc4 11. dxc4 Qc7 12. Qe1 Rfd8 13. Qc3 Ne8 14. Qe3 Bf6 15. Bxf6 Nxf6 16. Rad1 h6 17. h3 Kf8 18. Na3 a6 19. Nc2 Rab8 20. Rd3 Rxd3 21. exd3 Rd8 22. d4 Nxd4 23. Nfxd4 cxd4 24. Nxd4 Bxg2 25. Kxg2 Qb7+ 26. f3 Qc7 27. Ne2 Rd6 28. Rc1 Nd7 29. Rc2 a5 30. Nc3 Qc5 31. Qxc5 Nxc5 32. Kf2 Ke7 33. Ke2 Rc6 34. Nb5 g6 35. Ke3 Rc8 36. Rd2 Nd7 1/2-1/2

[Event "Vientiane op"]
[Site "Vientiane"]
[Date "2018.12.20"]
[Round "6"]
[White "Nur Abidah, Shanti"]
[Black "Goh, Jie Yi"]
[Result "1/2-1/2"]
[WhiteElo "2152"]
[BlackElo "1691"]
[PlyCount "93"]
[EventDate "2018.12.18"]
[EventType "swiss"]
[EventRounds "9"]
[EventCountry "LAO"]
[SourceTitle "CBM 187 Extra"]
[Source "ChessBase"]
[SourceDate "2018.11.04"]
[SourceVersion "1"]
[SourceVersionDate "2018.11.04"]
[SourceQuality "1"]

1. e4 e6 2. d4 d5 3. Nc3 Nf6 4. e5 Nfd7 5. f4 c5 6. Nf3 Nc6 7. Be3 a6 8. Qd2 b5 9. dxc5 Bxc5 10. 0-0-0 Qa5 11. Kb1 Bb7 12. Bxc5 Nxc5 13. Bd3 0-0-0 14. Ne2 Qb6 15. Nc1 Ne4 16. Qe2 Nf2 17. Ng5 Rd7 18. Nxh7 Nxd1 19. Rxd1 Na5 20. Qg4 g6 21. Nf6 Rc7 22. h4 Kb8 23. h5 gxh5 24. Nxh5 Nc4 25. Qe2 Ne3 26. Re1 Nxg2 27. Qxg2 Rxh5 28. a3 a5 29. Rf1 b4 30. Qg8+ Ka7 31. axb4 axb4 32. Qg4 Rh2 33. Qg3 Rh8 34. f5 Ba6 35. fxe6 fxe6 36. Bxa6 Qxa6 37. Qe3+ Kb7 38. Rf4 Rc4 39. Rf7+ Kb8 40. Qf3 Rhc8 41. Qd3 Qc6 42. Rf2 Qc5 43. Rg2 Re4 44. Qd2 Rc4 45. Qd3 Re4 46. Qd2 Rc4 47. Qd3 1/2-1/2

[Event "Olympiad Women-43"]
[Site "Batumi"]
[Date "2018.10.04"]
[Round "10.3"]
[White "Nur Abidah, Shanti"]
[Black "Froewis, Annika"]
[Result "1/2-1/2"]
[WhiteElo "2152"]
[BlackElo "2113"]
[PlyCount "96"]
[EventDate "2018.09.24"]
[EventType "team-swiss"]
[EventRounds "11"]
[EventCountry "GEO"]
[SourceTitle "EXT 2020"]
[Source "ChessBase"]
[SourceDate "2019.10.17"]
[SourceVersion "1"]
[SourceVersionDate "2019.10.17"]
[SourceQuality "1"]
[WhiteTeam "Indonesia (W)"]
[BlackTeam "Austria (W)"]
[WhiteTeamCountry "INA"]
[BlackTeamCountry "AUT"]

1. e4 e5 2. Nf3 Nc6 3. Bc4 Bc5 4. c3 Nf6 5. d3 d6 6. Nbd2 a5 7. a4 0-0 8. Bb3 Ba7 9. h3 Ne7 10. Nf1 Ng6 11. Ng3 h6 12. 0-0 c6 13. d4 exd4 14. Nxd4 d5 15. exd5 Nxd5 16. Ndf5 Bxf5 17. Nxf5 Qf6 18. Qh5 Ndf4 19. Qg4 h5 20. Nh6+ gxh6 21. Qf3 Bb8 22. Kh1 Nh4 23. Qe4 Qf5 24. Qxf5 Nxf5 25. Bc2 Ng7 26. g3 Ng6 27. Bxh6 Re8 28. Bd1 h4 29. gxh4 Nxh4 30. Bg5 Ng6 31. Rg1 Bf4 32. Bf6 Re6 33. Bd4 Be5 34. Be3 Nf4 35. Bg4 Rd6 36. Rae1 Rg6 37. Bb6 Bf6 38. Rd1 Nd5 39. Bc5 b6 40. Bd6 Rd8 41. Bg3 Kf8 42. c4 Nb4 43. Bc7 Rd4 44. Bxb6 Rxc4 45. Bxa5 Bxb2 46. Rd8+ Ke7 47. Rd7+ Kf8 48. Rd8+ Ke7 1/2-1/2